[Indenture dated 1734 acknowledging John Taylor as the rightful owner of a messuage in the parish of St Lawrence Ludlow which was the gift of Alexander Burrett and Mary his wife] (Record no. 116661)

MARC details
000 -LEADER
fixed length control field 00614cam a22001815a 4500
001 - CONTROL NUMBER
control field L141206
008 - FIXED-LENGTH DATA ELEMENTS--GENERAL INFORMATION
fixed length control field 071102s1734 xxk eng u
035 ## - SYSTEM CONTROL NUMBER
System control number (Sirsi) u141206
041 0# - LANGUAGE CODE
Language code of text/sound track or separate title eng
245 01 - TITLE STATEMENT
Title [Indenture dated 1734 acknowledging John Taylor as the rightful owner of a messuage in the parish of St Lawrence Ludlow which was the gift of Alexander Burrett and Mary his wife]
Medium [manuscript]
260 ## - PUBLICATION, DISTRIBUTION, ETC.
Date of publication, distribution, etc. 1734
300 ## - PHYSICAL DESCRIPTION
Extent 1 sheet
Other physical details parchment
Dimensions 21 x 50 cm., folded to 21 x 13 cm.
340 ## - PHYSICAL MEDIUM
Material base and configuration Ink on parchment
351 ## - ORGANIZATION AND ARRANGEMENT OF MATERIALS
Hierarchical level Single item
651 4# - SUBJECT ADDED ENTRY--GEOGRAPHIC NAME
Geographic name Shropshire
690 ## - LOCAL SUBJECT ADDED ENTRY--TOPICAL TERM (OCLC, RLIN)
Topical term or geographic name as entry element PROPERTY
942 ## - ADDED ENTRY ELEMENTS (KOHA)
Suppress in OPAC 0
Holdings
Withdrawn status Lost status Source of classification or shelving scheme Damaged status Not for loan Home library Current library Shelving location Date acquired Total Checkouts Full call number Barcode Date last seen Copy number Price effective from Koha item type
    Dewey Decimal Classification     London London Basement 02/11/2007   BASEMENT BOX 4 141206-1001 06/08/2019 1 06/08/2019 Archive